Cosmos: ensayo de una descripción física del mundo

Uloženo v:
Podrobná bibliografie
Hlavní autor: Humboldt, Alexander von (Autor)
Médium: Kniha
Jazyk:španělština
Vydáno: Buenos Aires Glem 1944
Témata:
Tagy: Přidat tag
Žádné tagy, Buďte první, kdo vytvoří štítek k tomuto záznamu!

MARC

LEADER 00000nam a2200000 a 4500
001 UCT3321
003 CL-VaPUC
008 961018e19440000AG |||||||||||||||||spa|d
082 0 4 |a 525.1  |b HUM  |2 21 
100 0 |a Humboldt, Alexander von  |e author  |9 268688 
245 1 0 |a Cosmos: ensayo de una descripción física del mundo 
300 |a 601 p 
942 |c BK 
945 |d 19961018 00:00:00  |a lriquelm 
260 |a Buenos Aires  |b Glem  |c 1944 
650 0 |a Ciencias de la tierra  |9 261541 
650 7 |a CIELO  |2 CL-VaPUC  |9 372243 
650 7 |a TIERRA  |2 CL-VaPUC  |9 261538 
650 7 |a NEBULOSAS  |2 CL-VaPUC  |9 356119 
650 7 |a ESTRELLAS  |2 CL-VaPUC  |9 310511 
650 7 |a SISTEMA SOLAR  |2 CL-VaPUC  |9 268650 
650 0 |a Volcanes  |9 344502 
583 |a last modification  |c 20130322 12:06:14  |k Rodrigo Vera 
999 |c 253014  |d 253012